Všeobecný zemepis hospodársky a obchodný
Guardado en:
| Formato: | Libro |
|---|---|
| Lenguaje: | eslovaco |
| Publicado: |
Bratislava
SPIK
1944
|
| Etiquetas: |
Sin Etiquetas, Sea el primero en etiquetar este registro!
|
MARC
| LEADER | 00000nam a2200000 4500 | ||
|---|---|---|---|
| 001 | 0310821 | ||
| 005 | 20250618131012.8 | ||
| 041 | 0 | |a slo | |
| 044 | |a SK | ||
| 245 | 1 | 0 | |a Všeobecný zemepis hospodársky a obchodný |c Ján Hromádka |
| 264 | 1 | |a Bratislava |b SPIK |c 1944 | |